000 00421nam a2200169 4500
001 3921
005 20230410143318.0
008 060907n1984 dr spa
020 _a0195035291
035 _9funglode3943
041 _aEN
050 1 4 _aYASHIRA
245 0 _aCensorship :
_b500 years of conflict
260 _aNew York :
_bThe New york public library,
_c1984
300 _a144 p.
942 _2lcc
_cbk
999 _c99334
_d99334